Visualizzazione normale
Vista MARC
- Campus Paolino
di Personal Name
Records bibliografici associati: 1
001 - CONTROL NUMBER
- control field: 43904
003 - CONTROL NUMBER IDENTIFIER
- control field: IT-RoPau
005 - DATE AND TIME OF LATEST TRANSACTION
- control field: 20151127120245.0
008 - FIXED-LENGTH DATA ELEMENTS
- fixed length control field: 151127|| aca||aabn | a|a d
040 ## - CATALOGING SOURCE
- Original cataloging agency: IT-RoPau
- Transcribing agency: IT-RoPau
100 ## - HEADING--PERSONAL NAME
- Personal name: Campus Paolino
- Relator term: (regista)
- Miscellaneous information: Codice regista SPICS: 29726
670 ## - SOURCE DATA FOUND
- Source citation: Work cat.: (IT-RoPau)105886: Campus Paolino Codice regista SPICS: 29726 43902, TOTUS TUUS-IL PAPA E LA MADONNA FATIMA SPERANZA DEL MONDO-TOTUS TUUS (GIOVANNI PAOLO II E LA MADONNA) (Rif. Codice opera principale : 85126)